000
00240 a2200097 4500
001
59654
100
_a
245
_a
Techniques of teaching; Techniques of classroom teaching (V-1)
260
_a
New Delhi
_b
APH
_c
2005
090
_c
36528
_d
36528
942
_a
NUST-CAE
_c
_c
29478
999
_c
294727
_d
294727